| 000 | 00645nam a22001817a 4500 | ||
|---|---|---|---|
| 999 |
_c4629 _d4629 |
||
| 001 | 12496 | ||
| 003 | BD-DhUAP | ||
| 005 | 20201116102723.0 | ||
| 008 | 201116b ii a|||| |||| 000 0 ben d | ||
| 040 |
_aBD-DhUAP _bBen _cBD-DhUAP _dBD-DhUAP |
||
| 082 |
_223 _a704.9421 ASH |
||
| 100 | _aঅশোক, অ্যাালবার্ট। | ||
| 245 |
_aন্যুড ষ্টাডি / _cঅ্যাালবার্ট অশোক। |
||
| 260 |
_aকলকাতা : _bবিশ্ববাণী, _c[...?]. |
||
| 300 |
_a৪৪ পৃষ্ঠা : _bচিত্র ; _c২২ সেমি.। |
||
| 650 | _aNude in art. | ||
| 942 |
_2ddc _cBK |
||